000 00780nam a2200217 a 4500
005 20110905124057.0
010 _aG-001359
020 _c250.00
_a81900843100
035 _aG-001359
037 _bGift
082 _a368.32
100 _aBarua, Ashish
_934355
245 _aLife insurance /
_cby Ashish Barua
260 _aJodhpur
_bBeyond Books
_c2009
270 _aShop No. 3, Near UIT Office, Dilip Singh Colony,
_bJodhpur(Raj.).
300 _a190p.
_c24cm(Hb)
500 _aIncludes glossary
942 _2ddc
_cEN
_mBAR
_h368.32
999 _c56297
_d56297